000 00299nam a22001337a 4500
008 180828b xxu||||| |||| 00| 0 eng d
020 _a9780205809837
041 _aeng
080 _a574
100 _a9
101 _aMJE
245 _aEXPLORING LIFESPAN DEVELOPMENT
_cBERK.L.E
942 _2udc
_cBK
999 _c47367
_d47367